| 000 | 00473nam a2200157 i 4500 | ||
|---|---|---|---|
| 001 | bg | ||
| 100 | 1 |
_aJodłowski, Stanisław _d(1902-1979). |
|
| 245 | 1 | 0 |
_aZasady pisowni polskiej i interpunkcji ze słownikiem ortograficznym / _cS. Jodłowski, W. Taszycki. |
| 250 | _aWyd.16 przerob. i rozszerz. | ||
| 260 |
_aWrocław, _c1971. |
||
| 700 | 1 |
_aTaszycki, Witold _d(1898-1979). |
|
| 040 | _cBPK | ||
| 041 | _apol | ||
| 942 | _cKS | ||
| 008 | s pl f |000 0 pol | ||
| 999 |
_c7140 _d7140 |
||
| 856 |
_uhttp://koha.tu.koszalin.pl/cgi-bin/koha/opac-detail.pl?biblionumber=7140 _yKatalog online BPK |
||